| 000 | 00733nam a2200241Ia 4500 | ||
|---|---|---|---|
| 003 | OSt | ||
| 005 | 20220926002857.0 | ||
| 006 | a|||||r|||| 00| 0 | ||
| 007 | ta | ||
| 008 | 220923b |||||||| |||| 00| 0 eng d | ||
| 020 |
_a978 81 250 3752 1 _c233.75 |
||
| 037 |
_b3871, 07/03/2014, Rajeshwar Book Pvt Ltd. _cGeneral Book |
||
| 040 |
_aRTL _cRTL _beng |
||
| 041 |
_2eng _aeng |
||
| 082 | _aY9(T).2, P9/TD | ||
| 100 |
_aKRISHNA KUMAR _935488 |
||
| 245 | 0 | _aWhat is worth teaching? | |
| 250 | _a4 | ||
| 260 |
_a New Delhi _bOrient Blackswan _c2009 |
||
| 300 |
_aix,150p. _ccm. |
||
| 942 |
_hY9(T).2, P9/TD _cGB _2CC |
||
| 999 |
_c606306 _d606306 |
||